Роль термической обработки в повышении механических свойств твердого сплава WC-сталь 110Г13; Эволюция дефектных структур в металлах и сплавах

Λεπτομέρειες βιβλιογραφικής εγγραφής
Parent link:Эволюция дефектных структур в металлах и сплавах.— 1994.— С. 142
Κύριος συγγραφέας: Севостьянова И. Н.
Άλλοι συγγραφείς: Гнюсов С. Ф. Сергей Фёдорович, Кульков С. Н. Сергей Николаевич
Περίληψη:Заглавие с экрана
Режим доступа: по договору с организацией-держателем ресурса
Γλώσσα:Αγγλικά
Έκδοση: 1994
Θέματα:
Διαθέσιμο Online:https://elibrary.ru/item.asp?id=25042830
Μορφή: Ηλεκτρονική πηγή Κεφάλαιο βιβλίου
KOHA link:https://koha.lib.tpu.ru/cgi-bin/koha/opac-detail.pl?biblionumber=655834

MARC

LEADER 00000naa0a2200000 4500
001 655834
005 20250914111749.0
035 |a (RuTPU)RU\TPU\network\22146 
035 |a RU\TPU\network\22145 
090 |a 655834 
100 |a 20171006d1994 k||y0rusy50 ba 
101 0 |a eng 
102 |a BE 
135 |a drcn ---uucaa 
181 0 |a i  
182 0 |a b 
200 1 |a Роль термической обработки в повышении механических свойств твердого сплава WC-сталь 110Г13  |f И. Н. Севостьянова, С. Ф. Гнюсов, С. Н. Кульков 
203 |a Text  |c electronic 
300 |a Заглавие с экрана 
333 |a Режим доступа: по договору с организацией-держателем ресурса 
463 1 |t Эволюция дефектных структур в металлах и сплавах  |o II международный семинар  |v С. 142  |d 1994 
610 1 |a электронный ресурс 
610 1 |a труды учёных ТПУ 
610 1 |a конференци 
610 1 |a WC-сталь 
610 1 |a твердые сплавы 
610 1 |a термическая обработка 
700 1 |a Севостьянова  |b И. Н. 
701 1 |a Гнюсов  |b С. Ф.  |c специалист в области машиностроения  |c профессор Томского политехнического университета, доктор технических наук  |f 1960-  |g Сергей Фёдорович  |3 (RuTPU)RU\TPU\pers\26508 
701 1 |a Кульков  |b С. Н.  |c специалист в области материаловедения  |c профессор Томского политехнического университета, доктор физико-математических наук  |f 1952-  |g Сергей Николаевич  |3 (RuTPU)RU\TPU\pers\28994 
801 2 |a RU  |b 63413507  |c 20171006  |g RCR 
856 4 |u https://elibrary.ru/item.asp?id=25042830 
942 |c CF